000 00433nam a2200181Ia 4500
001 12743
005 20260306163003.0
008 260306t2010||||xx |||||||||||||| ||spa||
041 _aESP
082 _aRD 103
_bG66
100 _aGonzález, Ángel Luis [ed.]
_eAUT
245 0 _aDiccionario de filosofía
260 _c2010
300 _a1180 páginas :
_c24 cm.
650 _aGEN
654 _aCHU
942 _cDIC
_dJUS
_fJUS
_2ddc
_n
999 _c12743
_d12743